000 00405nam a2200169Ia 4500
003 LK-CoDNM
005 20240726124756.0
008 010623t1937 xxu||||| |||| 00| 1 eng d
040 _aLK-CoDNM
_dLK-CoDNM
_eLK-CoDNM
041 _aeng
080 _a14
_bDD40
100 _aBruhl,Odette.
245 _aIndian Temples
260 _bOxford
_aLondon
_c1937
300 _bviii, : 130ill ; 26 cm
942 _cBK
999 _c98438
_d98438